The buffaloes of China /

Bibliographic Details
Main Author: Cockrill, Ross
Corporate Author: Australian Freedom from Hunger Campaign
Format: Book
Language:English
Published: Rome : New York : Food and Agriculture Organization of the United Nations ; Sold by UNIPUB, 1976.
Subjects:

MARC

Tag First Indicator Second Indicator Subfields
LEADER 00000cam a2200000 i 4500
001 in00000031899
005 20151007063146.0
008 761216s1976 it a b i00110 eng
010 |a  76382525  
015 |a It*** 
035 |a (OCoLC)02357674 
035 |9 AAD6710AM 
040 |a DLC  |c DLC  |d TXA  |d UtOrBLW 
043 |a a-cc--- 
049 |a TXAM [Also in] [Med Sci] [SF] [401] [W34] [C666] [1976]  |c 1 [1534460] 
050 0 0 |a SF401.W34  |b C6 
082 0 |a 636.2/93 
096 |a SF 401 W34 C666 1976 
100 1 |a Cockrill, Ross. 
245 1 4 |a The buffaloes of China /  |c W. Ross Cockrill. 
264 1 |a Rome :  |b Food and Agriculture Organization of the United Nations ;  |a New York :  |b Sold by UNIPUB,  |c 1976. 
300 |a xii, 96 pages :  |b illustrations (some color) ;  |c 25 cm. 
336 |a text  |b txt  |2 rdacontent 
337 |a unmediated  |b n  |2 rdamedia 
338 |a volume  |b nc  |2 rdacarrier 
500 |a "Sponsored by Australian Freedom from Hunger Campaign." 
500 |a Includes index. 
504 |a Bibliography: pages [91]-92. 
650 0 |a Water buffalo  |z China. 
650 2 |a Buffaloes. 
710 2 |a Australian Freedom from Hunger Campaign. 
999 |a MARS 
999 f f |s a0ea68ee-394b-3634-b97f-7e08fd45aa31  |i 276a64cf-78bb-3780-945f-5156c7f7bebe  |t 0 
952 f f |p ric  |a Texas A&M University  |b Rellis Campus  |c Joint Library Facility  |d Remote Storage  |t 0  |e SF401.W34 C6  |h Library of Congress classification  |i unmediated -- volume  |m A14805239164 
998 f f |a SF401.W34 C6  |t 0  |l Remote Storage